Detalles MARC
| 000 -CABECERA |
| Longitud fija campo de control |
01484nam a2200409 c 4500 |
| 001 - NÚMERO DE CONTROL |
| Número de control |
10795 |
| 003 - IDENTIFICADOR DE NÚMERO DE CONTROL |
| Identificador del número de control |
ES-MaCES |
| 005 - FECHA Y HORA DE LA ÚLTIMA TRANSACCIÓN |
| Fecha y hora de la última transacción |
20141221122108.0 |
| 008 - CAMPO FIJO DE DESCRIPCIÓN FIJA--INFORMACIÓN GENERAL |
| Códigos de información de longitud fija |
000712s2000 sp s o000 | spa d |
| 017 ## - NÚMERO DE REGISTRO DE DERECHOS DE AUTOR Y DEPÓSITO LEGAL |
| Número de copyright o de depósito legal |
M 12735-2000 |
| Agencia que asigna el número |
DL |
| 020 ## - ISBN (INTERNATIONAL STANDARD BOOK NUMBER) |
| Número Internacional Normalizado para Libros (ISBN) |
8426034667 |
| 024 7# - OTROS IDENTIFICADORES |
| Número normalizado o código |
103-99-053-7 |
| Fuente del número o código |
nipo |
| 035 ## - NÚMERO DE CONTROL DEL SISTEMA |
| Número de control del sistema |
CES20000008862m |
| 040 ## - FUENTE DE CATALOGACIÓN |
| Centro catalogador de origen |
ES-MaCES |
| Lengua de catalogación |
spa |
| Centro transcriptor |
ES-MaCES |
| 110 2# - ENCABEZAMIENTO PRINCIPAL--NOMBRE CORPORATIVO |
| Nombre de entidad corporativa o nombre de jurisdicción como elemento inicial |
Instituto Nacional de Estadística (España) |
| Unidad subordinada |
Oficina del Censo Electoral |
| 9 (RLIN) |
4274 |
| 245 10 - MENCIÓN DE TÍTULO |
| Título |
Actuaciones de la Oficina del Censo Electoral |
| Nombre de parte o sección de la obra |
Elecciones locales, autonómicas y al Parlamento Europeo 1999 |
| 260 ## - PUBLICACIÓN, DISTRIBUCIÓN, ETC (PIE DE IMPRENTA) |
| Lugar de publicación, distribución, etc. |
Madrid |
| Nombre del editor, distribuidor, etc. |
Oficina del Censo Electoral |
| Fecha de publicación, distribución, etc. |
2000 |
| 300 ## - DESCRIPCIÓN FÍSICA |
| Extensión |
167 p. |
| Dimensiones |
30 cm |
| Material anejo |
1 disquete |
| 500 ## - NOTA GENERAL |
| Nota general |
También disponible en disquete |
| 500 ## - NOTA GENERAL |
| Nota general |
Dir. de internet: http://www.ines.es |
| 541 ## - NOTA DE LA FUENTE INMEDIANTE DE ADQUISICIÓN |
| Forma de adquisición |
Gratuito |
| 650 #4 - ASIENTO SECUNDARIO DE MATERIA--TÉRMINO DE MATERIA |
| Término de materia o nombre geográfico como elemento inicial |
elección |
| 9 (RLIN) |
27234 |
| 650 #4 - ASIENTO SECUNDARIO DE MATERIA--TÉRMINO DE MATERIA |
| Término de materia o nombre geográfico como elemento inicial |
parlamento |
| 9 (RLIN) |
27198 |
| 650 #4 - ASIENTO SECUNDARIO DE MATERIA--TÉRMINO DE MATERIA |
| Término de materia o nombre geográfico como elemento inicial |
gobierno local |
| 9 (RLIN) |
27219 |
| 650 #4 - ASIENTO SECUNDARIO DE MATERIA--TÉRMINO DE MATERIA |
| Término de materia o nombre geográfico como elemento inicial |
Comunidades Autónomas |
| 9 (RLIN) |
30768 |
| 650 #4 - ASIENTO SECUNDARIO DE MATERIA--TÉRMINO DE MATERIA |
| Término de materia o nombre geográfico como elemento inicial |
España |
| 9 (RLIN) |
26964 |
| 650 #4 - ASIENTO SECUNDARIO DE MATERIA--TÉRMINO DE MATERIA |
| Término de materia o nombre geográfico como elemento inicial |
Parlamento Europeo |
| 9 (RLIN) |
29022 |
| 650 #4 - ASIENTO SECUNDARIO DE MATERIA--TÉRMINO DE MATERIA |
| Término de materia o nombre geográfico como elemento inicial |
1999 |
| 9 (RLIN) |
31200 |
| 650 #4 - ASIENTO SECUNDARIO DE MATERIA--TÉRMINO DE MATERIA |
| Término de materia o nombre geográfico como elemento inicial |
datos estadísticos |
| 9 (RLIN) |
30765 |
| 653 10 - TÉRMINO DE INDEXACIÓN--NO CONTROLADO |
| Término no controlado |
Estadísticas económico-sociales |
| 787 0# - ENTRADA DE OTRAS ESPECIFICACIONES |
| Título |
Actuaciones de la Oficina del Censo Electoral |
| Número de control del registro relacionado |
(ES-MaCES)17656 |
| 787 0# - ENTRADA DE OTRAS ESPECIFICACIONES |
| Título |
Actuaciones de la Oficina del Censo Electoral |
| Número de control del registro relacionado |
(ES-MaCES)2840 |
| 787 0# - ENTRADA DE OTRAS ESPECIFICACIONES |
| Título |
Actuaciones de la Oficina del Censo Electoral |
| Número de control del registro relacionado |
(ES-MaCES)3850 |
| 902 ## - CES. TIPO DE DOCUMENTO |
| Tipodoc (006$c Sirtex) |
LIB Libro |
| 942 ## - ELEMENTOS KOHA |
| Fuente de clasificaión o esquema |
Clasificación propia del CES |
| Koha [por defecto] tipo de item |
Monografías |
| Parte de clasificación |
8.2. |